The dreams of Donald Roller Wilson /

Bibliographic Details
Main Author: Wilson, Donald Roller, 1938-
Format: Book
Language:English
Published: New York : Hawthorn Books, [1979]
Subjects:

MARC

Tag First Indicator Second Indicator Subfields
LEADER 00000cam a2200000 i 4500
001 in00000055421
005 20151008052230.0
008 791016s1979 nyua c 00010 eng
010 |a  78065384  
020 |a 0801503523 
020 |a 0801503531 (pbk.) :  |c $9.95 ($11.50 Can) 
035 |a (OCoLC)05037590 
035 |9 AAH2353AM 
040 |a DLC  |c DLC  |d TXA  |d UtOrBLW 
049 |a TXAM  |c [1159788] 
050 0 0 |a ND237.W733  |b A4 1979 
082 0 |a 759.13 
100 1 |a Wilson, Donald Roller,  |d 1938- 
245 1 4 |a The dreams of Donald Roller Wilson /  |c with a foreword by Ralph T. Coe ; [photography by James Butch Coger and Wade C. Kreie]. 
264 1 |a New York :  |b Hawthorn Books,  |c [1979] 
264 4 |c ©1979 
300 |a 127 pages :  |b illustrations (some color) ;  |c 22 x 28 cm. 
336 |a text  |b txt  |2 rdacontent 
337 |a unmediated  |b n  |2 rdamedia 
338 |a volume  |b nc  |2 rdacarrier 
600 1 0 |a Wilson, Donald Roller,  |d 1938-  |x Catalogs. 
999 |a MARS 
999 f f |s f50f46d9-59ef-3c11-8f77-8d0dd1848c02  |i 42a7b158-64e2-310d-aeb9-26adc4ec9b71  |t 0 
952 f f |p normal  |a Texas A&M University  |b College Station  |c Sterling C. Evans Library  |d Evans: Library Stacks  |t 0  |e ND237.W733 A4 1979  |h Library of Congress classification  |i unmediated -- volume  |m A14803474629 
998 f f |a ND237.W733 A4 1979  |t 0  |l Evans: Library Stacks